Figli e lavoro si può (Record n. 336570)

Dettagli MARC
000 -LEADER
campo di controllo lung. fissa nam a22 7a 4500
003 - Identificatore del numero di controllo
campo di controllo IT-MiCISF
005 - Data e orario dell'ultima transazione
campo di controllo 20170403171520.0
008 - Elementi di lunghezza fissa--Informazione generale
campo di controllo lung. fissa 170403b xxu||||| |||| 00| 0 eng d
040 ## - Fonte della catalogazione
Agenzia che fa la trascrizione IT-MiCISF
041 ## - Codice di lingua
Codice di lingua del testo/traccia sonora o titolo separato it
100 ## - Accesso principale -- nome di persona
Nome di persona Gerardi Adele (a cura di)
9 (RLIN) 56343
245 ## - Formulazione del titolo
Titolo Figli e lavoro si può
260 ## - Pubblicazione, distribuzione, ecc. (stampa)
Luogo di pubblicazione, distribuzione, ecc. Rovereto (TN)
Nome dell'editore, distributore, ecc. GreenTrenDesign
Data di pubblicazione, distribuzione, ecc. 2014
300 ## - Descrizione fisica
Estensione pp. 89
500 ## - Nota generale
Nota generale lavoro, famiglia, cultura, società, esperienze, politica-familiare, madre-lavoratrice
520 ## - Riassunto, ecc.
Nota di riassunto, ecc. Dieci storie di conciliazione vita-lavoro per incoraggiarci a pensare che è possibile ridisegnare un equilibrio tra gli impegni di lavoro e i carichi familiari. I protagonisti del libro si raccontano e ci descrivono come attraverso una nuova mentalità aziendale hanno trovato la formula migliore per non penalizzare il lavoro e non far mancare la propria presenza in famiglia. Grazie a orari flessibili, al telelavoro, ai nidi aziendali e asili nido di comunità lo scenario della loro vita è cambiato, guadagnando in serenità e in qualità. Il testo ne parla attraverso le testimonianze della gente interessata, in "viva voce", sulla base della convinzione che più che le linee di indirizzo della governance di un territorio, siano gli effetti concreti sulla qualità di vita della sua popolazione a dare la reale misura della loro efficacia.
650 ## - Accesso aggiunto di soggetto--termine topico
Termine topico o nome geografico come accesso politica-familiare
9 (RLIN) 56074
654 ## - Accesso aggiunto di soggetto--termini topici faccettati
Termine principale intervista
942 ## - Dati aggiuntivi (Koha)
Fonte della classificazione o dello schema di collocazione (segnatura) Dewey Decimal Classification
Tipo copia default (Koha) LIBRO
Dati di copia
Ritirato (status) Perso (status) Fonte della classificazione o dello schema di collocazione (segnatura) Danneggiato (status) Non per il presito Biblioteca proprietaria Biblioteca in cui si trova Data d'acquisizione Totale prestiti Collocazione Data ultima operazione Prezzo in vigore dal Tipo copia default (Koha)
    Dewey Decimal Classification Buone Condizioni Not For Loan CISF - Milano CISF - Milano 03/04/2017   a2136 03/04/2017 03/04/2017 LIBRO
CREDITS: SOCIETA' SAN PAOLO Via A.Severo, 58 - ROMA (RM) & PERIODICI SAN PAOLO SRL Via Giotto, 36 MILANO & CISF Via Giotto, 36 MILANO & EDIZIONI SAN PAOLO SRL,  Piazza Soncino, 5 CINISELLO BALSAMO (MI) -- ITALY